Vplyv meliorácií na výškový rast kultúr lesných drevín na kalamitných plochách

Bibliographic Details
Main Authors: Petráš, Rudolf (Author), Mecko, Julián (Author), Antoni, Jozef, 1927- (Author)
Format: Article
Language:Slovak
PhysicalDescription:Grafy, tab.
ISSN:1337-088X
Subjects:

MARC

LEADER 00000nab a2200000 a 4500
001 vtls009627357
003 SK-MaSNL
005 20260304172928.0
008 250526 2009 xo || |||| ||slo
015 |a SNBRB2009/07  |2 snkbucl 
035 |a urn:nbn:sk:snk-ab8573 
035 |a (urnnbn)urn:nbn:sk:snk:ar-006ayb 
035 |a (uuid)4ea16b68-75aa-4db2-b76f-907887246f3d 
038 |a SNKBUCL 
040 |a SNKBUCL  |b slo  |c SNKBUCL  |e AACR2 
041 0 |a slo 
044 |a xo  |c SK 
080 |a 630*232  |2 2001 
100 1 |a Petráš, Rudolf  |4 aut  |9 5298 
245 1 0 |a Vplyv meliorácií na výškový rast kultúr lesných drevín na kalamitných plochách  |c Rudolf Petráš, Julian Mecko, Jozef Antoni 
300 |b Grafy, tab. 
650 0 7 |a zalesňovanie  |2 snkbucl  |9 16543 
650 0 7 |a lesné dreviny  |2 snkbucl  |9 28962 
650 0 7 |a vápnenie pôdy  |2 snkbucl  |9 70850 
650 0 7 |a hnojenie  |2 snkbucl  |9 14850 
650 0 7 |a rast lesných stromov  |2 snkbucl  |9 310702 
650 0 7 |a vedecké pokusy  |2 snkbucl  |9 69059 
650 0 7 |a meliorácie  |2 snkbucl  |9 14505 
700 1 |a Mecko, Julián  |4 aut  |9 11737 
700 1 |a Antoni, Jozef,  |d 1927-  |4 aut  |9 231481 
773 0 |t Les & Letokruhy  |g Roč. 65/8, č. 3-4 (2009), s. 58-59  |x 1337-088X 
850 |a Slovenská národná knižnica 
852 |a Slovenská národná knižnica 
954 |a odborná, vedecká literatúra pôvodná (slovenská)  |2 lita 
958 |a ONDV 
958 |a article9 
999 |c 3000793  |d 3002723